000 00524 a2200145 4500
020 _a0006163017
082 _a823.912
090 _c902
_d902
100 _aChristie, Agatha.
245 _aN or M?
_cAgatha Christie
260 _aLondon:
_bHarper Collins Publishers,
_c1995.
300 _a 217 p. ;
_c19 cm.
650 _a 1.Beresford, Tommy (Fictitious character) --Fiction.2.Beresford, Tuppence (Fictitious character) --Fiction. 3.Private investigators --England --Fiction.4.Married people --Fiction.
942 _cBK
_k823.912 CHR
999 _c4871
_d4871